| 000 | 01978nam a2200301 a 4500 | ||
|---|---|---|---|
| 003 | DO-SdBNP | ||
| 005 | 20230511100335.0 | ||
| 007 | ta | ||
| 008 | 220201e2019 dr ||||gr|||| 001 edspa d | ||
| 020 | _a9789945917215 | ||
| 040 |
_aDO-SdBNP _bspa _cBNPHU |
||
| 082 | 4 |
_222 _bM844c |
|
| 100 | 1 |
_910120 _aMoreta Castillo, Américo, _d1956- |
|
| 245 | 1 | 0 |
_aConferencias patrióticas / _cAmérico Moreta Castillo |
| 260 |
_aSanto Domingo : _bCPEP, _c2019 |
||
| 300 |
_a274 p. : _c23 cm. |
||
| 490 |
_aComisión Permanente de Efemérides Patrias; _v50 |
||
| 500 | _aIncluye datos biográficos del autor en la solapa de la portada. | ||
| 500 | _aIncluye bibliografía y notas al pié de páginas. | ||
| 505 |
_aPresentación. _tJuan Pablo Duarte, fundador de la República y el ejemplo para todos los dominicanos.-- _tLos Padres de la Patria y la Independencia Nacional.-- _tHitos en la vida de Francisco Sánchez, abogado y Padre de la Patria.-- _tRuta duartiana de la Ciudad Colonia.-- _tLa Constitución de San Cristóbal del 6 de noviembre de 1844.-- _tLa Constitución de Moca de 1858. Inspiración del Gobierno Restaurador.-- _tVida, obra y pensamiento del general Luperón.-- _tLas enseñanzas del general Luperón (Análisis de su pensamiento).-- _tSoldados de la Independencia, generales de la Restauración.-- _tCausas y consecuencias de la guerra Restauradora.-- _tAspectos controvertibles de la guerra Restauradora.-- _tIglesia e identidad nacional en Santo Domingo.-- _tMaría de la Altagracia y María de las Mercedes.-- _tLa llama viva. |
||
| 590 | _ainventariado 2022 / MF | ||
| 650 | 4 |
_955107 _aPatriotismo _xEnsayos, Conferencias, etc. _zRepública Dominicana |
|
| 650 | 4 |
_977689 _aPersonajes históricos _vBiografías _xEnsayos, Conferencias, etc. _zRepública Dominicana |
|
| 710 | 1 |
_aRepública Dominicana _bComisión Permanente de Efemérides Patria _945309 |
|
| 830 |
_976378 _aComisión Permanente de Efemérides Patrias; _n50 |
||
| 910 | _aMFeliz | ||
| 942 |
_2ddc _cLBS1 |
||
| 999 |
_c51280 _d51280 |
||